[Event "PK Jeugd 2020 B"]
[Site "Eindhoven, Netherlands"]
[Date "????.??.??"]
[Round "5.9"]
[White "Moonen, Kevin"]
[Black "Ubbink, Anouk"]
[Result "1-0"]
[WhiteElo "1175"]
[BlackElo "1195"]

1. e4 {[%clk 00:55:18]} {[%emt 00:00:02]} c5 {[%clk 00:55:17]} {[%emt
00:00:03]} 2. c3 {[%clk 00:55:20]} {[%emt 00:00:08]} Nc6 {[%clk 00:55:18]}
{[%emt 00:00:09]} 3. d4 {[%clk 00:55:21]} {[%emt 00:00:10]} cxd4 {[%clk
00:55:23]} {[%emt 00:00:04]} 4. cxd4 {[%clk 00:55:26]} {[%emt 00:00:05]} d6
{[%clk 00:55:29]} {[%emt 00:00:04]} 5. Nc3 {[%clk 00:55:25]} {[%emt 00:00:11]}
Nf6 {[%clk 00:55:11]} {[%emt 00:00:28]} 6. Nf3 {[%clk 00:55:00]} {[%emt
00:00:35]} g6 {[%clk 00:55:13]} {[%emt 00:00:08]} 7. h3 {[%clk 00:54:20]}
{[%emt 00:00:50]} Bg7 {[%clk 00:55:14]} {[%emt 00:00:10]} 8. Bc4 {[%clk
00:53:06]} {[%emt 00:01:23]} O-O {[%clk 00:54:59]} {[%emt 00:00:25]} 9. O-O
{[%clk 00:52:24]} {[%emt 00:00:52]} a6 {[%clk 00:53:49]} {[%emt 00:01:21]} 10.
a4 {[%clk 00:49:46]} {[%emt 00:02:48]} Bd7 {[%clk 00:51:48]} {[%emt 00:02:10]}
11. Ng5 {[%clk 00:43:28]} {[%emt 00:06:28]} e6 {[%clk 00:51:12]} {[%emt
00:00:46]} 12. d5 {[%clk 00:41:19]} {[%emt 00:02:19]} exd5 {[%clk 00:50:41]}
{[%emt 00:00:41]} 13. Nxd5 {[%clk 00:36:49]} {[%emt 00:04:40]} Nxd5 {[%clk
00:49:13]} {[%emt 00:01:39]} 14. Bxd5 {[%clk 00:36:36]} {[%emt 00:00:22]} Qf6
{[%clk 00:46:14]} {[%emt 00:03:08]} 15. Bxf7+ {[%clk 00:29:23]} {[%emt
00:07:24]} Rxf7 {[%clk 00:44:00]} {[%emt 00:02:23]} 16. Nxf7 {[%clk 00:29:23]}
{[%emt 00:00:10]} Qxf7 {[%clk 00:44:08]} {[%emt 00:00:03]} 17. Qd4 {[%emt
00:00:23]} d5 18. Qxd5 {[%clk 00:29:10]} Be5 {[%clk 00:41:14]} {[%emt
00:03:04]} 19. Qd1 {[%clk 00:26:08]} {[%emt 00:03:10]} Rd8 {[%clk 00:36:17]}
{[%emt 00:05:09]} 20. Qe2 {[%clk 00:22:26]} {[%emt 00:03:51]} Nd4 {[%clk
00:31:17]} {[%emt 00:05:11]} 21. Qd1 {[%clk 00:19:12]} {[%emt 00:03:23]} Bc6
{[%clk 00:26:59]} {[%emt 00:04:29]} 22. f3 {[%clk 00:14:49]} {[%emt 00:04:33]}
Ne6 {[%clk 00:25:30]} {[%emt 00:01:38]} 23. Qb3 {[%clk 00:13:40]} {[%emt
00:01:19]} Bd4+ {[%clk 00:21:10]} {[%emt 00:04:31]} 24. Be3 {[%clk 00:12:04]}
{[%emt 00:01:46]} Bxe3+ {[%clk 00:17:11]} {[%emt 00:04:10]} 25. Qxe3 {[%clk
00:12:05]} {[%emt 00:00:09]} Qc7 {[%clk 00:16:27]} {[%emt 00:00:53]} 26. Qb3
{[%clk 00:10:21]} {[%emt 00:01:54]} Kf7 {[%clk 00:14:19]} {[%emt 00:02:18]} 27.
Rad1 {[%clk 00:09:12]} {[%emt 00:01:18]} Ke7 {[%clk 00:14:01]} {[%emt
00:00:29]} 28. Qb4+ {[%clk 00:07:16]} {[%emt 00:02:06]} Ke8 {[%clk 00:13:27]}
{[%emt 00:00:44]} 29. Qc3 {[%clk 00:05:37]} {[%emt 00:01:48]} Qb6+ {[%clk
00:12:02]} {[%emt 00:01:36]} 30. Kh1 {[%clk 00:05:18]} {[%emt 00:00:29]} Bxa4
{[%clk 00:09:08]} {[%emt 00:03:03]} 31. Rxd8+ {[%clk 00:04:56]} {[%emt
00:00:32]} Kxd8 {[%clk 00:09:03]} {[%emt 00:00:16]} 32. Qh8+ {[%clk 00:04:16]}
{[%emt 00:00:48]} Be8 {[%clk 00:07:31]} {[%emt 00:01:44]} 33. Rd1+ {[%clk
00:04:12]} {[%emt 00:00:14]} Ke7 {[%clk 00:07:33]} {[%emt 00:00:09]} 34. Qxh7+
{[%clk 00:03:49]} {[%emt 00:00:32]} Kf8 {[%clk 00:06:59]} {[%emt 00:00:44]} 35.
Qh6+ {[%clk 00:03:40]} {[%emt 00:00:17]} Kg8 {[%clk 00:06:48]} {[%emt
00:00:22]} 36. Qd2 {[%clk 00:03:44]} {[%emt 00:00:05]} Qb5 {[%clk 00:06:13]}
{[%emt 00:00:47]} 37. Qd5 {[%clk 00:03:31]} {[%emt 00:00:23]} Kf7 {[%clk
00:05:59]} {[%emt 00:00:24]} 38. Qxb5 {[%clk 00:03:26]} {[%emt 00:00:15]} Bxb5
{[%clk 00:06:05]} {[%emt 00:00:04]} 39. Kg1 {[%clk 00:03:20]} {[%emt 00:00:15]}
Kf6 {[%clk 00:05:30]} {[%emt 00:00:46]} 40. Kf2 {[%clk 00:03:22]} {[%emt
00:00:08]} Ke5 {[%clk 00:05:28]} {[%emt 00:00:13]} 41. Rd5+ {[%clk 00:03:16]}
{[%emt 00:00:15]} Kf6 {[%clk 00:05:24]} {[%emt 00:00:15]} 42. Ke3 {[%clk
00:03:16]} {[%emt 00:00:09]} Ke7 {[%clk 00:04:57]} {[%emt 00:00:37]} 43. b4
{[%clk 00:03:11]} {[%emt 00:00:16]} Bf1 {[%clk 00:04:54]} {[%emt 00:00:13]} 44.
Kf2 {[%clk 00:03:12]} {[%emt 00:00:09]} Bc4 {[%clk 00:05:00]} {[%emt 00:00:04]}
45. Rd2 {[%clk 00:03:09]} {[%emt 00:00:11]} Nf4 {[%clk 00:04:39]} {[%emt
00:00:33]} 46. Ke3 {[%clk 00:03:06]} {[%emt 00:00:10]} g5 {[%clk 00:04:46]}
{[%emt 00:00:05]} 47. h4 {[%clk 00:02:49]} {[%emt 00:00:28]} Ne6 {[%clk
00:04:26]} {[%emt 00:00:30]} 48. hxg5 {[%clk 00:02:33]} {[%emt 00:00:25]} Nxg5
{[%clk 00:04:35]} {[%emt 00:00:02]} 49. Kf4 {[%clk 00:02:40]} {[%emt 00:00:03]}
Ne6+ {[%clk 00:04:44]} {[%emt 00:00:01]} 50. Ke5 {[%clk 00:02:37]} {[%emt
00:00:11]} Bb5 {[%clk 00:04:49]} {[%emt 00:00:06]} 51. f4 {[%clk 00:02:18]}
{[%emt 00:00:28]} Bc6 {[%clk 00:04:46]} {[%emt 00:00:14]} 52. f5 {[%clk
00:02:08]} {[%emt 00:00:21]} Ng5 {[%clk 00:04:55]} {[%emt 00:00:01]} 53. f6+
{[%clk 00:02:11]} {[%emt 00:00:07]} Kf7 {[%clk 00:05:02]} {[%emt 00:00:03]} 54.
Re2 {[%clk 00:02:06]} {[%emt 00:00:14]} b6 {[%clk 00:05:02]} {[%emt 00:00:11]}
55. Kf5 {[%clk 00:01:57]} {[%emt 00:00:17]} Nxe4 {[%clk 00:05:06]} {[%emt
00:00:08]} 56. Rxe4 {[%clk 00:02:05]} {[%emt 00:00:02]} Bxe4+ {[%clk 00:05:15]}
{[%emt 00:00:01]} 57. Kxe4 {[%clk 00:02:13]} {[%emt 00:00:02]} Kxf6 {[%clk
00:05:25]} 58. Kd5 {[%clk 00:02:21]} {[%emt 00:00:02]} a5 {[%clk 00:05:26]}
{[%emt 00:00:09]} 59. b5 {[%clk 00:02:18]} {[%emt 00:00:13]} a4 {[%clk
00:05:36]} {[%emt 00:00:01]} 60. Kc4 {[%clk 00:02:26]} {[%emt 00:00:01]} Ke5
{[%clk 00:05:40]} {[%emt 00:00:06]} 61. Kb4 {[%clk 00:02:32]} {[%emt 00:00:04]}
a3 {[%clk 00:05:46]} {[%emt 00:00:04]} 62. Kxa3 {[%clk 00:02:40]} {[%emt
00:00:02]} Kd5 {[%clk 00:05:56]} 63. Kb4 {[%clk 00:02:44]} {[%emt 00:00:05]}
Kd4 {[%emt 00:00:04]} 64. g4 {[%clk 00:02:52]} Ke5 {[%clk 00:06:14]} {[%emt
00:00:01]} 65. Kc4 {[%clk 00:03:00]} {[%emt 00:00:01]} Kd6 {[%clk 00:06:23]}
{[%emt 00:00:01]} 66. g5 {[%clk 00:03:09]} {[%emt 00:00:02]} Ke6 {[%clk
00:06:33]} 67. g6 {[%clk 00:03:18]} {[%emt 00:00:01]} Kf6 {[%clk 00:06:43]}
{[%emt 00:00:01]} 68. Kd5 {[%clk 00:03:27]} {[%emt 00:00:01]} Kxg6 {[%clk
00:06:52]} {[%emt 00:00:01]} 69. Kc6 {[%clk 00:03:36]} Kf6 {[%clk 00:07:01]} 70.
Kxb6 {[%clk 00:03:45]} {[%emt 00:00:01]} Ke6 {[%clk 00:07:09]} {[%emt
00:00:02]} 71. Ka7 {[%clk 00:03:54]} {[%emt 00:00:02]} 1-0

[Event "PK Jeugd 2020 B"]
[Site "Eindhoven, Netherlands"]
[Date "????.??.??"]
[Round "5.10"]
[White "van Wijk, Justin"]
[Black "Elst, Tygo"]
[Result "1-0"]
[WhiteElo "1178"]
[BlackElo "1065"]

1. d4 {[%clk 00:55:17]} {[%emt 00:00:02]} d5 {[%clk 00:55:09]} {[%emt
00:00:11]} 2. Bf4 {[%clk 00:55:19]} {[%emt 00:00:09]} Nc6 {[%clk 00:53:50]}
{[%emt 00:01:28]} 3. e3 {[%clk 00:55:15]} {[%emt 00:00:14]} e6 {[%clk
00:53:19]} {[%emt 00:00:41]} 4. Nf3 {[%clk 00:54:54]} {[%emt 00:00:31]} Nf6
{[%clk 00:51:40]} {[%emt 00:01:49]} 5. c4 {[%clk 00:54:48]} {[%emt 00:00:16]}
Bb4+ {[%clk 00:49:07]} {[%emt 00:02:43]} 6. Nc3 {[%clk 00:54:26]} {[%emt
00:00:32]} O-O {[%clk 00:48:35]} {[%emt 00:00:42]} 7. Bg5 {[%clk 00:52:33]}
{[%emt 00:02:03]} Be7 {[%clk 00:46:54]} {[%emt 00:01:51]} 8. c5 {[%clk
00:52:14]} {[%emt 00:00:29]} b6 {[%clk 00:46:18]} {[%emt 00:00:47]} 9. b4
{[%clk 00:51:58]} {[%emt 00:00:26]} Nxb4 {[%clk 00:44:54]} {[%emt 00:01:33]} 10.
Bxf6 {[%clk 00:51:54]} {[%emt 00:00:15]} Bxf6 {[%clk 00:44:11]} {[%emt
00:00:52]} 11. Qa4 {[%clk 00:51:59]} {[%emt 00:00:06]} a5 {[%clk 00:42:27]}
{[%emt 00:01:54]} 12. Rb1 {[%clk 00:51:44]} {[%emt 00:00:24]} bxc5 {[%clk
00:40:00]} {[%emt 00:02:38]} 13. a3 {[%clk 00:51:23]} {[%emt 00:00:31]} Bd7
{[%clk 00:35:50]} {[%emt 00:04:20]} 14. Bb5 {[%clk 00:50:14]} {[%emt 00:01:19]}
Bxb5 {[%clk 00:31:13]} {[%emt 00:04:46]} 15. Nxb5 {[%clk 00:48:55]} {[%emt
00:01:30]} Nc6 {[%clk 00:30:22]} {[%emt 00:01:00]} 16. dxc5 {[%clk 00:48:09]}
{[%emt 00:00:56]} Rb8 {[%clk 00:27:55]} {[%emt 00:02:37]} 17. O-O {[%clk
00:47:55]} {[%emt 00:00:24]} Qe7 {[%clk 00:25:08]} {[%emt 00:02:57]} 18. g3
{[%clk 00:44:37]} {[%emt 00:03:27]} Ne5 {[%clk 00:22:31]} {[%emt 00:02:48]} 19.
Nxe5 {[%clk 00:40:51]} {[%emt 00:03:57]} Bxe5 {[%clk 00:21:57]} {[%emt
00:00:42]} 20. Qxa5 {[%clk 00:40:22]} {[%emt 00:00:41]} Qxc5 {[%clk 00:21:27]}
{[%emt 00:00:40]} 21. Rfc1 {[%clk 00:39:44]} {[%emt 00:00:47]} Qe7 {[%clk
00:20:32]} {[%emt 00:01:06]} 22. f4 {[%clk 00:37:51]} {[%emt 00:02:02]} Bd6
{[%clk 00:19:31]} {[%emt 00:01:11]} 23. Nxd6 {[%clk 00:36:43]} {[%emt
00:01:19]} Rxb1 {[%clk 00:18:36]} {[%emt 00:01:04]} 24. Rxb1 {[%clk 00:36:44]}
{[%emt 00:00:09]} Qxd6 {[%clk 00:18:24]} {[%emt 00:00:21]} 25. Qa7 {[%clk
00:34:26]} {[%emt 00:02:29]} c5 {[%clk 00:16:46]} {[%emt 00:01:48]} 26. Rb6
{[%clk 00:33:09]} {[%emt 00:01:27]} Qd8 {[%clk 00:16:35]} {[%emt 00:00:21]} 27.
Rc6 {[%clk 00:32:36]} {[%emt 00:00:43]} c4 {[%clk 00:16:27]} {[%emt 00:00:19]}
28. Kf2 {[%clk 00:29:08]} {[%emt 00:03:37]} h6 {[%clk 00:15:46]} {[%emt
00:00:50]} 29. a4 {[%clk 00:28:47]} {[%emt 00:00:32]} Qa8 {[%clk 00:15:34]}
{[%emt 00:00:22]} 30. Rc7 {[%clk 00:28:27]} {[%emt 00:00:30]} Qxa7 {[%clk
00:15:32]} {[%emt 00:00:11]} 31. Rxa7 {[%clk 00:28:26]} {[%emt 00:00:12]} Rc8
{[%clk 00:14:59]} {[%emt 00:00:44]} 32. Ke2 {[%clk 00:28:21]} {[%emt 00:00:12]}
f6 {[%clk 00:14:36]} {[%emt 00:00:35]} 33. a5 {[%clk 00:28:03]} {[%emt
00:00:28]} e5 {[%clk 00:14:37]} {[%emt 00:00:08]} 34. a6 {[%clk 00:27:37]}
{[%emt 00:00:37]} d4 {[%clk 00:14:22]} {[%emt 00:00:25]} 35. fxe5 {[%clk
00:24:11]} {[%emt 00:03:37]} fxe5 {[%clk 00:14:06]} {[%emt 00:00:26]} 36. exd4
{[%clk 00:23:59]} {[%emt 00:00:22]} exd4 {[%clk 00:14:03]} {[%emt 00:00:12]} 37.
Rd7 {[%clk 00:23:53]} {[%emt 00:00:15]} c3 {[%clk 00:09:21]} {[%emt 00:04:53]}
38. Kd1 {[%clk 00:23:48]} {[%emt 00:00:14]} Kf8 {[%clk 00:06:54]} {[%emt
00:02:38]} 39. Rxd4 {[%clk 00:23:36]} {[%emt 00:00:22]} Ke7 {[%clk 00:05:11]}
{[%emt 00:01:53]} 40. a7 {[%clk 00:23:02]} {[%emt 00:00:44]} Ra8 {[%clk
00:05:01]} {[%emt 00:00:21]} 41. Ra4 {[%clk 00:22:53]} {[%emt 00:00:18]} Kd7
{[%clk 00:04:50]} {[%emt 00:00:20]} 42. Kc2 {[%clk 00:22:52]} {[%emt 00:00:11]}
Kc7 {[%clk 00:04:58]} {[%emt 00:00:03]} 43. Kxc3 {[%clk 00:22:54]} {[%emt
00:00:08]} Kb7 {[%clk 00:04:59]} {[%emt 00:00:09]} 44. Kd4 {[%clk 00:22:38]}
{[%emt 00:00:26]} Rxa7 {[%clk 00:04:52]} {[%emt 00:00:17]} 45. Rxa7+ {[%clk
00:22:34]} {[%emt 00:00:14]} Kxa7 {[%clk 00:05:01]} {[%emt 00:00:01]} 46. Ke5
{[%clk 00:22:39]} {[%emt 00:00:04]} Kb6 {[%clk 00:05:02]} {[%emt 00:00:10]} 47.
h4 {[%clk 00:22:38]} {[%emt 00:00:10]} Kc5 {[%clk 00:05:05]} {[%emt 00:00:08]}
48. g4 {[%clk 00:22:36]} {[%emt 00:00:13]} Kc6 {[%clk 00:05:11]} {[%emt
00:00:03]} 49. Ke6 {[%clk 00:22:38]} {[%emt 00:00:08]} Kc5 {[%clk 00:05:11]}
{[%emt 00:00:10]} 50. Kf7 {[%clk 00:22:35]} {[%emt 00:00:13]} Kd5 {[%clk
00:04:45]} {[%emt 00:00:36]} 51. Kxg7 {[%clk 00:22:39]} {[%emt 00:00:06]} h5
{[%clk 00:04:50]} {[%emt 00:00:05]} 52. g5 {[%clk 00:22:36]} {[%emt 00:00:13]}
Ke6 {[%clk 00:04:55]} {[%emt 00:00:06]} 53. Kg6 {[%clk 00:21:46]} {[%emt
00:00:59]} 1-0

[Event "PK Jeugd 2020 B"]
[Site "Eindhoven, Netherlands"]
[Date "????.??.??"]
[Round "6.1"]
[White "Boghossian, Wahe"]
[Black "Verheul, Job"]
[Result "1/2-1/2"]
[WhiteElo "1769"]
[BlackElo "1677"]

1. e4 {[%clk 00:55:17]} {[%emt 00:00:02]} c6 {[%clk 00:55:14]} {[%emt
00:00:06]} 2. d4 {[%clk 00:55:18]} {[%emt 00:00:10]} d5 {[%clk 00:55:19]}
{[%emt 00:00:05]} 3. e5 {[%clk 00:55:03]} {[%emt 00:00:26]} c5 {[%clk
00:55:21]} {[%emt 00:00:07]} 4. c3 {[%clk 00:54:33]} {[%emt 00:00:40]} Nc6
{[%clk 00:55:20]} {[%emt 00:00:12]} 5. Be2 {[%clk 00:50:46]} {[%emt 00:03:56]}
Bf5 {[%clk 00:54:07]} {[%emt 00:01:23]} 6. Nf3 {[%clk 00:50:07]} {[%emt
00:00:50]} e6 {[%clk 00:53:55]} {[%emt 00:00:22]} 7. O-O {[%clk 00:49:46]}
{[%emt 00:00:32]} Nge7 {[%clk 00:50:10]} {[%emt 00:03:54]} 8. b3 {[%clk
00:43:06]} {[%emt 00:06:50]} Ng6 {[%clk 00:47:14]} {[%emt 00:03:06]} 9. Re1
{[%clk 00:27:07]} {[%emt 00:16:10]} Be7 {[%clk 00:45:23]} {[%emt 00:02:01]} 10.
Be3 {[%clk 00:24:37]} {[%emt 00:02:40]} cxd4 {[%clk 00:42:32]} {[%emt
00:03:01]} 11. Bxd4 {[%clk 00:23:02]} {[%emt 00:01:46]} O-O {[%clk 00:42:15]}
{[%emt 00:00:27]} 12. Bd3 {[%clk 00:19:53]} {[%emt 00:03:18]} Bxd3 {[%clk
00:38:59]} {[%emt 00:03:27]} 13. Qxd3 {[%clk 00:20:01]} {[%emt 00:00:02]} Qd7
{[%clk 00:36:13]} {[%emt 00:02:56]} 14. Qe3 {[%clk 00:17:22]} {[%emt 00:02:48]}
Nxd4 {[%clk 00:31:31]} {[%emt 00:04:53]} 15. Nxd4 {[%clk 00:15:36]} {[%emt
00:01:56]} Bc5 {[%clk 00:31:14]} {[%emt 00:00:27]} 16. Nd2 {[%clk 00:13:44]}
{[%emt 00:02:02]} Bxd4 {[%clk 00:27:50]} {[%emt 00:03:34]} 17. Qxd4 {[%clk
00:11:02]} {[%emt 00:02:53]} 1/2-1/2

[Event "PK Jeugd 2020 B"]
[Site "Eindhoven, Netherlands"]
[Date "????.??.??"]
[Round "6.2"]
[White "Grooten, Tommy"]
[Black "Labruyere, Roger"]
[Result "0-1"]
[WhiteElo "1734"]
[BlackElo "2069"]

1. e4 {[%clk 00:55:19]} c5 {[%clk 00:55:20]} {[%emt 00:00:01]} 2. Nf3 {[%clk
00:55:23]} {[%emt 00:00:06]} d6 {[%clk 00:55:29]} {[%emt 00:00:01]} 3. d4
{[%clk 00:55:26]} {[%emt 00:00:06]} cxd4 {[%clk 00:55:38]} {[%emt 00:00:01]} 4.
Nxd4 {[%clk 00:55:28]} {[%emt 00:00:08]} Nf6 {[%clk 00:55:43]} {[%emt
00:00:05]} 5. Nc3 {[%clk 00:55:32]} {[%emt 00:00:06]} a6 {[%clk 00:55:49]}
{[%emt 00:00:03]} 6. Be3 {[%clk 00:55:11]} {[%emt 00:00:31]} e5 {[%clk
00:55:53]} {[%emt 00:00:06]} 7. Nb3 {[%clk 00:55:16]} {[%emt 00:00:05]} Be6
{[%clk 00:55:55]} {[%emt 00:00:07]} 8. f3 {[%clk 00:55:18]} {[%emt 00:00:08]}
h5 {[%clk 00:55:56]} {[%emt 00:00:09]} 9. Qd2 {[%clk 00:55:25]} {[%emt
00:00:04]} Nbd7 {[%clk 00:55:47]} {[%emt 00:00:18]} 10. O-O-O {[%clk 00:55:27]}
{[%emt 00:00:08]} Qc7 {[%clk 00:55:13]} {[%emt 00:00:44]} 11. g3 {[%clk
00:55:25]} {[%emt 00:00:13]} Rc8 {[%clk 00:53:09]} {[%emt 00:02:14]} 12. Qf2
{[%clk 00:54:14]} {[%emt 00:01:21]} b5 {[%clk 00:51:03]} {[%emt 00:02:16]} 13.
Bd3 {[%clk 00:54:17]} {[%emt 00:00:08]} g6 {[%clk 00:46:15]} {[%emt 00:04:57]}
14. h3 {[%clk 00:54:17]} {[%emt 00:00:10]} b4 {[%clk 00:43:12]} {[%emt
00:03:13]} 15. Ne2 {[%clk 00:53:55]} {[%emt 00:00:31]} a5 {[%clk 00:42:33]}
{[%emt 00:00:50]} 16. Kb1 {[%clk 00:53:58]} {[%emt 00:00:07]} a4 {[%emt
00:02:19]} 17. Nd2 {[%clk 00:52:11]} {[%emt 00:01:45]} Nc5 {[%clk 00:34:58]}
{[%emt 00:05:47]} 18. Rc1 {[%clk 00:51:25]} {[%emt 00:00:56]} Qb7 {[%clk
00:32:15]} {[%emt 00:02:54]} 19. g4 {[%clk 00:50:15]} {[%emt 00:01:21]} b3
{[%clk 00:28:16]} {[%emt 00:04:09]} 20. Nc3 {[%clk 00:48:07]} {[%emt 00:02:18]}
hxg4 {[%clk 00:20:53]} {[%emt 00:07:32]} 21. hxg4 {[%clk 00:48:08]} {[%emt
00:00:09]} Rxh1 {[%clk 00:20:58]} {[%emt 00:00:05]} 22. Rxh1 {[%clk 00:48:14]}
{[%emt 00:00:04]} Nxd3 {[%clk 00:21:01]} {[%emt 00:00:07]} 23. cxd3 {[%clk
00:48:00]} {[%emt 00:00:23]} a3 {[%clk 00:20:56]} {[%emt 00:00:15]} 24. Nxb3
{[%clk 00:47:25]} {[%emt 00:00:46]} Bxb3 {[%clk 00:20:57]} {[%emt 00:00:09]} 25.
axb3 {[%clk 00:47:09]} {[%emt 00:00:26]} Qxb3 {[%clk 00:20:39]} {[%emt
00:00:27]} 26. Rc1 {[%clk 00:46:24]} {[%emt 00:00:55]} Rb8 {[%clk 00:17:16]}
{[%emt 00:03:33]} 27. Rc2 {[%emt 00:06:24]} d5 {[%clk 00:11:54]} {[%emt
00:00:09]} 28. exd5 {[%clk 00:44:52]} {[%emt 00:00:50]} Bb4 {[%clk 00:11:31]}
{[%emt 00:00:33]} 29. Bc1 {[%clk 00:42:39]} {[%emt 00:02:23]} Bxc3 {[%clk
00:11:33]} {[%emt 00:00:08]} 30. Rxc3 {[%clk 00:42:35]} {[%emt 00:00:14]} Qxc3
{[%clk 00:11:34]} {[%emt 00:00:09]} 31. Qe2 {[%clk 00:41:24]} {[%emt 00:01:20]}
Rxb2+ {[%clk 00:11:36]} {[%emt 00:00:08]} 32. Bxb2 {[%clk 00:41:23]} {[%emt
00:00:11]} Qxb2+ {[%clk 00:11:43]} {[%emt 00:00:03]} 33. Qxb2 {[%clk 00:41:24]}
{[%emt 00:00:09]} axb2 {[%clk 00:11:50]} {[%emt 00:00:03]} 34. Kxb2 {[%clk
00:41:27]} {[%emt 00:00:08]} Nxd5 {[%clk 00:11:56]} {[%emt 00:00:04]} 35. Kc2
{[%clk 00:41:23]} {[%emt 00:00:13]} Ke7 {[%clk 00:12:00]} {[%emt 00:00:05]} 36.
Kd2 {[%clk 00:41:25]} {[%emt 00:00:08]} Ke6 {[%clk 00:12:05]} {[%emt 00:00:05]}
37. Ke2 {[%clk 00:41:31]} {[%emt 00:00:05]} Nf4+ {[%clk 00:12:11]} {[%emt
00:00:03]} 38. Ke3 {[%clk 00:41:29]} {[%emt 00:00:13]} Kd5 {[%clk 00:12:09]}
{[%emt 00:00:12]} 39. g5 {[%clk 00:41:23]} {[%emt 00:00:16]} Ne6 {[%clk
00:12:09]} {[%emt 00:00:09]} 40. Ke2 {[%clk 00:41:05]} {[%emt 00:00:28]} Kd4
{[%clk 00:12:12]} {[%emt 00:00:07]} 41. Kd2 {[%clk 00:41:10]} {[%emt 00:00:05]}
Nxg5 {[%clk 00:12:15]} {[%emt 00:00:07]} 42. Ke2 {[%clk 00:41:12]} {[%emt
00:00:08]} Nxf3 {[%clk 00:12:08]} {[%emt 00:00:17]} 43. Kxf3 {[%clk 00:41:02]}
{[%emt 00:00:20]} Kxd3 {[%clk 00:12:15]} {[%emt 00:00:04]} 44. Kg4 {[%clk
00:41:04]} {[%emt 00:00:07]} f6 {[%clk 00:12:21]} {[%emt 00:00:04]} 45. Kh4
{[%clk 00:41:09]} {[%emt 00:00:05]} e4 {[%clk 00:12:27]} {[%emt 00:00:04]} 46.
Kg3 {[%clk 00:41:15]} {[%emt 00:00:04]} e3 {[%clk 00:12:32]} {[%emt 00:00:05]}
47. Kg4 {[%clk 00:41:20]} {[%emt 00:00:05]} e2 {[%clk 00:12:39]} {[%emt
00:00:04]} 48. Kf4 {[%clk 00:41:24]} {[%emt 00:00:06]} e1=Q {[%clk 00:12:38]}
{[%emt 00:00:10]} 49. Kg4 {[%clk 00:41:29]} {[%emt 00:00:05]} Qe4+ {[%clk
00:12:43]} {[%emt 00:00:05]} 50. Kh3 {[%clk 00:41:32]} {[%emt 00:00:08]} Qf3
{[%clk 00:12:42]} {[%emt 00:00:10]} 51. Kh4 {[%clk 00:41:32]} {[%emt 00:00:11]}
g5+ {[%clk 00:12:45]} {[%emt 00:00:07]} 0-1

[Event "PK Jeugd 2020 B"]
[Site "Eindhoven, Netherlands"]
[Date "????.??.??"]
[Round "6.3"]
[White "Basa, Manasvita"]
[Black "Li-Behn, Tobias"]
[Result "1-0"]
[WhiteElo "1728"]
[BlackElo "1618"]

1. e4 {[%clk 00:55:17]} {[%emt 00:00:02]} e5 {[%clk 00:55:11]} {[%emt
00:00:10]} 2. f4 {[%clk 00:55:23]} {[%emt 00:00:04]} d6 {[%clk 00:55:11]}
{[%emt 00:00:11]} 3. Nf3 {[%clk 00:55:28]} {[%emt 00:00:04]} exf4 {[%clk
00:52:42]} {[%emt 00:02:38]} 4. Bc4 {[%clk 00:55:31]} {[%emt 00:00:06]} Be6
{[%clk 00:51:42]} {[%emt 00:01:10]} 5. Bb3 {[%clk 00:55:12]} {[%emt 00:00:30]}
h5 {[%clk 00:46:33]} {[%emt 00:05:19]} 6. h4 {[%clk 00:54:04]} {[%emt
00:01:18]} Qe7 {[%clk 00:45:14]} {[%emt 00:01:30]} 7. Nc3 {[%clk 00:53:24]}
{[%emt 00:00:50]} Na6 {[%clk 00:42:03]} {[%emt 00:03:21]} 8. d4 {[%clk
00:51:11]} {[%emt 00:02:23]} g6 {[%clk 00:41:06]} {[%emt 00:01:07]} 9. Bxf4
{[%clk 00:51:08]} {[%emt 00:00:14]} Bh6 {[%clk 00:41:04]} {[%emt 00:00:12]} 10.
Bxh6 {[%clk 00:49:50]} {[%emt 00:01:28]} Nxh6 {[%clk 00:41:09]} {[%emt
00:00:05]} 11. Qe2 {[%clk 00:49:46]} {[%emt 00:00:14]} O-O-O {[%clk 00:39:35]}
{[%emt 00:01:42]} 12. O-O-O {[%clk 00:48:47]} {[%emt 00:01:10]} Bxb3 {[%clk
00:39:10]} {[%emt 00:00:36]} 13. axb3 {[%clk 00:48:51]} {[%emt 00:00:06]} d5
{[%clk 00:38:36]} {[%emt 00:00:44]} 14. Rhe1 {[%clk 00:46:32]} {[%emt
00:02:28]} Nb4 {[%clk 00:35:43]} {[%emt 00:03:03]} 15. Qb5 {[%clk 00:43:56]}
{[%emt 00:02:46]} dxe4 {[%clk 00:32:20]} {[%emt 00:03:34]} 16. Nxe4 {[%clk
00:43:33]} {[%emt 00:00:32]} Nd5 {[%clk 00:30:54]} {[%emt 00:01:36]} 17. Nc5
{[%clk 00:42:48]} {[%emt 00:00:55]} c6 {[%clk 00:30:33]} {[%emt 00:00:31]} 18.
Rxe7 {[%clk 00:42:33]} {[%emt 00:00:25]} cxb5 {[%clk 00:29:14]} {[%emt
00:01:30]} 19. Rxb7 {[%clk 00:42:41]} {[%emt 00:00:02]} a6 {[%clk 00:28:36]}
{[%emt 00:00:48]} 20. Ra7 {[%clk 00:42:49]} {[%emt 00:00:02]} Rhe8 {[%clk
00:26:18]} {[%emt 00:02:28]} 21. Ne5 {[%clk 00:42:16]} {[%emt 00:00:43]} Ne3
{[%clk 00:23:41]} {[%emt 00:02:48]} 22. Rd3 {[%clk 00:39:56]} {[%emt 00:02:29]}
Nxg2 {[%clk 00:22:32]} {[%emt 00:01:20]} 23. Rc3 {[%clk 00:39:59]} {[%emt
00:00:07]} Rxe5 {[%clk 00:18:37]} {[%emt 00:04:05]} 24. Nxa6+ {[%clk 00:39:38]}
{[%emt 00:00:31]} 1-0